| 000 | 00423cam a2200181ua 4500 | ||
|---|---|---|---|
| 003 | OSt | ||
| 003 | OSt | ||
| 008 | 250306b |||||||| |||| 00| 0 eng d | ||
| 041 | _aeng | ||
| 082 |
_a621.402 _bBAL/TH |
||
| 100 |
_aBallaney, P L. _9628 |
||
| 245 | _aThermal engineering / | ||
| 250 | _a14 / | ||
| 260 |
_aNew Delhi : _bKhanna publishers , _c1985. |
||
| 300 | _a1734 ; . | ||
| 700 | 1 |
_aBallaney, P L . _9628 |
|
| 942 | _cBK | ||
| 999 |
_c96 _d96 |
||